[Event "Euskadi ch"]
[Site "Amorebieta"]
[Date "2006.04.18"]
[Round "1.2"]
[White "PRIETO ARANGUREN, Alain"]
[Black "ANDRES GONZALEZ, Alberto"]
[Result "0-1"]
[WhiteElo "2106"]
[BlackElo "2413"]
[PlyCount "60"]
[EventDate "2006.04.18"]

1. e4 c5 2. Nf3 d6 3. d4 cxd4 4. Nxd4 Nf6 5. Nc3 a6 6. Bg5 Nbd7 7. f4 e6 8. Qf3
h6 9. Bh4 Be7 10. Bd3 g5 11. e5 dxe5 12. Nxe6 fxe6 13. Bg6+ Kf8 14. fxg5 hxg5
15. Bxg5 Kg7 16. Qg3 Nh5 17. Bxh5 Bxg5 18. Be2 Rh4 19. O-O Qe7 20. Bd3 Kh8 21.
Qf3 Nc5 22. g3 Rh6 23. Ne4 Bd7 24. h4 Bxh4 25. Qe3 Rg6 26. Qxc5 Rxg3+ 27. Kh2
Qg7 28. Rg1 Rg8 29. Raf1 Rg2+ 30. Kh1 Bf2 0-1

[Event "Euskadi ch"]
[Site "Amorebieta"]
[Date "2006.04.19"]
[Round "1.3"]
[White "ARGANDOÑA RIVEIRO, Iñigo"]
[Black "GALARZA DOCAMPO, Karmel"]
[Result "1/2-1/2"]
[WhiteElo "2352"]
[BlackElo "2149"]
[PlyCount "109"]
[EventDate "2006.04.18"]

1. d4 Nf6 2. Bg5 e6 3. e3 Be7 4. Bd3 b6 5. Nd2 Bb7 6. Ngf3 c5 7. c3 d5 8. Ne5
Nfd7 9. Bxe7 Qxe7 10. f4 Ba6 11. Bxa6 Nxa6 12. Qa4 Nab8 13. dxc5 Qxc5 14. O-O-O
b5 15. Qd4 Qxd4 16. cxd4 Ke7 17. Kb1 f6 18. Nd3 Rc8 19. Nb3 Nb6 20. Nbc5 N8d7
21. Rc1 Nc4 22. b3 Nxc5 23. Nxc5 Nd6 24. Rc2 Nf5 25. g4 Nd6 26. Rhc1 Rc6 27. a4
bxa4 28. Nxa4 Rxc2 29. Rxc2 Rc8 30. Nc5 h5 31. gxh5 Rh8 32. Ra2 Nc8 33. Ra6
Rxh5 34. Rxe6+ Kf7 35. Rc6 Ne7 36. Rc7 Rxh2 37. Rxa7 g5 38. fxg5 fxg5 39. Nd7
Re2 40. Ne5+ Ke6 41. Ng4 Nc8 42. Ra6+ Kf5 43. Nh6+ Ke4 44. Re6+ Kd3 45. Ng4 Kc3
46. Rc6+ Kxb3 47. Rc1 Rg2 48. Nf6 g4 49. Nxd5 g3 50. Rc3+ Ka4 51. Nf4 Rf2 52.
e4 Rxf4 53. Rxg3 Rxe4 54. Rd3 Kb4 55. d5 1/2-1/2

[Event "Euskadi ch"]
[Site "Amorebieta"]
[Date "2006.04.18"]
[Round "1.4"]
[White "BRATU, Jorge"]
[Black "NAVARRO CIA, Miguel"]
[Result "0-1"]
[WhiteElo "2023"]
[BlackElo "2307"]
[PlyCount "36"]
[EventDate "2006.04.18"]

1. e4 Nf6 2. Nc3 d5 3. exd5 Nxd5 4. Nxd5 Qxd5 5. Qf3 Qc5 6. Qc3 Qxc3 7. bxc3 e5
8. d3 Nc6 9. f4 Bd6 10. fxe5 Nxe5 11. Nf3 Nxf3+ 12. gxf3 O-O 13. Be3 Re8 14.
Kd2 Bd7 15. f4 Bc6 16. Rg1 Re7 17. Bh3 Rae8 18. Bd4 Bxf4+ 0-1

[Event "Euskadi ch"]
[Site "Amorebieta"]
[Date "2006.04.19"]
[Round "1.5"]
[White "GONZALEZ DE LA TORRE, Sant"]
[Black "ARCE BALLUERCA, Jorge"]
[Result "1-0"]
[WhiteElo "2318"]
[BlackElo "2105"]
[PlyCount "105"]
[EventDate "2006.04.18"]

1. e4 d6 2. d4 Nf6 3. Nc3 e5 4. dxe5 dxe5 5. Qxd8+ Kxd8 6. Bg5 Be7 7. O-O-O+
Nfd7 8. Be3 c6 9. f4 f6 10. fxe5 fxe5 11. Nf3 Kc7 12. Bd3 h6 13. h4 Bd6 14. g4
Nf6 15. g5 Ng4 16. Bg1 Be7 17. gxh6 Rxh6 18. Rd2 Be6 19. Rg2 Nd7 20. Nd1 Bf6
21. Ne3 Nxe3 22. Bxe3 Rh7 23. Ng5 Bxg5 24. Rxg5 Rf8 25. Kd2 b6 26. Ke2 Kd6 27.
b3 Nc5 28. Bxc5+ bxc5 29. Ke3 Rf4 30. h5 Rg4 31. Rxg4 Bxg4 32. Be2 Bxe2 33.
Kxe2 Ke6 34. Kd3 Rh8 35. Kc4 Rd8 36. h6 Rd4+ 37. Kxc5 gxh6 38. Rxh6+ Kd7 39.
Rh7+ Ke6 40. Rxa7 Rxe4 41. a4 Re2 42. c4 Rb2 43. b4 e4 44. Rc7 e3 45. Rxc6+ Kd7
46. Rd6+ Ke7 47. Rd3 e2 48. Re3+ Kd7 49. a5 Kc7 50. b5 Kb7 51. Re7+ Kb8 52. Kb6
Kc8 53. a6 1-0

[Event "Euskadi ch"]
[Site "Amorebieta"]
[Date "2006.04.18"]
[Round "1.6"]
[White "ASTASIO LOPEZ, David"]
[Black "VARAS, Carlos"]
[Result "0-1"]
[WhiteElo "2074"]
[BlackElo "2291"]
[PlyCount "114"]
[EventDate "2006.04.18"]

1. d4 e6 2. Nd2 c5 3. c3 Nc6 4. Ngf3 Nf6 5. e3 d5 6. Bd3 Bd6 7. O-O O-O 8. Qe2
e5 9. dxc5 Bxc5 10. e4 Bg4 11. Re1 d4 12. Nb3 Bb6 13. h3 Bh5 14. Bd2 Re8 15.
Rad1 h6 16. Kh2 Qd7 17. Rg1 dxc3 18. bxc3 Bxf2 19. Qxf2 Qxd3 20. Nc5 Qc4 21. g4
Bg6 22. g5 hxg5 23. Bxg5 b6 24. Bxf6 Qxc5 25. Qh4 Qe3 26. Bxg7 Qf4+ 27. Qxf4
exf4 28. Bh6 Rxe4 29. Nh4 Re6 30. Nxg6 fxg6 31. Bg5 Rf8 32. Rdf1 Re2+ 33. Rg2
f3 34. Rxf3 Rxf3 35. Rxe2 Rxc3 36. Bf6 Rc4 37. Kg2 Kf7 38. Bg5 Rc5 39. h4 Ne5
40. Rf2+ Ke6 41. Rd2 Nf7 42. Kf3 Rc4 43. Kg3 b5 44. Be3 a5 45. Re2 Kf6 46. Bf4
b4 47. Rd2 a4 48. Rf2 Ke6 49. Re2+ Kf6 50. Rf2 Kg7 51. Rb2 Rc3+ 52. Kg4 Rc4 53.
Kg3 Nh6 54. Bd2 Nf5+ 55. Kf3 Nd4+ 56. Ke4 Nb3+ 57. Kd5 Rd4+ 0-1

[Event "Euskadi ch"]
[Site "Amorebieta"]
[Date "2006.04.18"]
[Round "1.7"]
[White "HUERGA LEACHE, Mikel"]
[Black "PEREZ DE MIGUEL, Alvaro"]
[Result "1/2-1/2"]
[WhiteElo "2244"]
[BlackElo "2070"]
[PlyCount "98"]
[EventDate "2006.04.18"]

1. e4 c6 2. d4 d5 3. Nc3 dxe4 4. Nxe4 Nd7 5. Bd3 Ngf6 6. Ng5 e6 7. Qe2 Bd6 8.
N1f3 h6 9. Ne4 Nxe4 10. Qxe4 Nf6 11. Qe2 Qc7 12. O-O O-O 13. c4 b6 14. Bd2 Bb7
15. Bc3 Rfe8 16. Rfe1 Rad8 17. Rad1 c5 18. dxc5 Qxc5 19. Ne5 Nd7 20. Nxd7 Rxd7
21. Qg4 f5 22. Bxf5 Rf7 23. Bg6 Qxf2+ 24. Kh1 Ref8 25. Bxf7+ Rxf7 26. Bd4 Qc2
27. Rf1 Bf3 28. Qh3 Bxd1 29. Qxe6 Bh5 30. h3 Bf4 31. Bg1 Qd2 32. g3 Qd3 33.
Rxf4 Bf3+ 34. Rxf3 Qxf3+ 35. Kh2 Qd3 36. b3 Qd7 37. Qe2 Re7 38. Qf3 Qe6 39. Bf2
Rf7 40. Qg2 Qe2 41. Bd4 Qxg2+ 42. Kxg2 Kf8 43. c5 bxc5 44. Bxc5+ Ke8 45. b4 a6
46. a4 Kd7 47. b5 axb5 48. axb5 Rf5 49. Bd4 Rxb5 1/2-1/2

[Event "Euskadi ch"]
[Site "Amorebieta"]
[Date "2006.04.18"]
[Round "1.8"]
[White "HERNANDEZ PEREZ, Jesus"]
[Black "LIMERES, Cristobal"]
[Result "0-1"]
[WhiteElo "2036"]
[BlackElo "2238"]
[PlyCount "132"]
[EventDate "2006.04.18"]

1. d4 e6 2. Nf3 f5 3. c4 Nf6 4. g3 Bb4+ 5. Bd2 Bxd2+ 6. Qxd2 O-O 7. Nc3 d6 8.
Bg2 Nc6 9. O-O e5 10. dxe5 dxe5 11. Qxd8 Rxd8 12. Rfd1 Be6 13. b3 h6 14. e3 Kf7
15. Kf1 g5 16. h4 Rg8 17. hxg5 hxg5 18. Ne1 e4 19. Nc2 Ne5 20. Nb5 Rgc8 21. Rd2
Nxc4 22. Rdd1 Ne5 23. Ncd4 Bd7 24. Rac1 Ne8 25. Nc3 c6 26. Bh3 g4 27. Bg2 Nd3
28. Rc2 Nf6 29. Kg1 c5 30. Ndb5 Bxb5 31. Nxb5 Rd8 32. Bf1 a6 33. Na3 b5 34.
Rcd2 Ke6 35. Bxd3 exd3 36. Rxd3 Rxd3 37. Rxd3 Ne4 38. Nb1 Rc8 39. Kf1 c4 40.
bxc4 Rxc4 41. Nd2 Rc1+ 42. Kg2 Nxd2 43. Rxd2 Rc3 44. Kf1 b4 45. Ke1 a5 46. Kd1
Ke5 47. Rd4 Ra3 48. Rd2 Rc3 49. Rd4 Rc5 50. Rf4 Rc6 51. Kd2 Rc3 52. e4 fxe4 53.
Rxg4 Ra3 54. Rg5+ Kd4 55. Rf5 Rxa2+ 56. Kc1 b3 57. g4 a4 58. g5 a3 59. Rb5 Kc4
60. Rb7 Rc2+ 61. Kd1 a2 62. Ra7 Rxf2 63. g6 Rg2 64. g7 Kc3 65. Ke1 Rxg7 66.
Rxg7 a1=Q+ 0-1

[Event "Euskadi ch"]
[Site "Amorebieta"]
[Date "2006.04.18"]
[Round "1.9"]
[White "DIEZ FRAILE, David"]
[Black "ARGAYA URDANIZ, Miguel"]
[Result "1-0"]
[WhiteElo "2170"]
[BlackElo "2073"]
[PlyCount "51"]
[EventDate "2006.04.18"]

1. e4 e5 2. Nf3 Nc6 3. Bb5 g6 4. Bxc6 dxc6 5. O-O f6 6. d4 Bg4 7. c3 exd4 8.
cxd4 Bxf3 9. gxf3 Qd7 10. Kg2 O-O-O 11. Be3 Bc5 12. Qb3 Bxd4 13. Rd1 c5 14. Nc3
Ne7 15. Rac1 f5 16. Na4 fxe4 17. Rxd4 exf3+ 18. Kh1 Qh3 19. Rxd8+ Rxd8 20. Rg1
Rd5 21. Nxc5 b6 22. Na6 Ra5 23. Nxc7 Nc6 24. Nd5 Ne5 25. Qc3+ Kb7 26. Qc7+ 1-0

[Event "Euskadi ch"]
[Site "Amorebieta"]
[Date "2006.04.19"]
[Round "1.10"]
[White "ARIAS GARCIA, Luis Javier"]
[Black "OLAIZOLA ORTEGA, Luis"]
[Result "0-1"]
[WhiteElo "2196"]
[BlackElo "2216"]
[PlyCount "108"]
[EventDate "2006.04.18"]

1. e4 e6 2. d3 d5 3. Nd2 Nf6 4. g3 c5 5. Bg2 Nc6 6. Ngf3 Be7 7. O-O O-O 8. e5
Nd7 9. Qe2 b5 10. Re1 b4 11. Nf1 a5 12. a3 Ba6 13. c3 bxc3 14. bxc3 a4 15. Bf4
Rb8 16. Qc2 Na5 17. c4 dxc4 18. dxc4 Bxc4 19. Qxa4 Bb3 20. Qe4 Bd5 21. Qe2 Nc4
22. Ne3 Rb2 23. Qd3 Nxe3 24. Qxe3 Rb3 25. Qe2 Qa8 26. Nd2 Rb2 27. Bxd5 Qxd5 28.
Qe4 g5 29. Nc4 Qxe4 30. Rxe4 Rc2 31. Be3 Ra8 32. Rc1 Rxc1+ 33. Bxc1 Ra4 34. Bb2
Nb6 35. Nd2 Rxe4 36. Nxe4 Nc4 37. Bc1 Nxe5 38. Kf1 g4 39. a4 f5 40. Bg5 Bf8 41.
Bf4 Nc6 42. Ng5 e5 43. Bd2 Be7 44. Ne6 Kf7 45. Nc7 Bd8 46. Nb5 Ke6 47. Nc3 Ba5
48. Ke2 Nd4+ 49. Ke3 Nb3 50. Be1 h5 51. f3 Nd4 52. fxg4 Nc2+ 53. Kd2 Nxe1 54.
gxh5 Nf3+ 0-1

[Event "Euskadi ch"]
[Site "Amorebieta"]
[Date "2006.04.18"]
[Round "1.11"]
[White "AGIRRETXE SAN SEBASTIAN, Jesus"]
[Black "AXPE BALENCIAGA, Iñigo"]
[Result "1-0"]
[WhiteElo "2168"]
[BlackElo "2038"]
[PlyCount "97"]
[EventDate "2006.04.18"]

1. d4 Nf6 2. c4 c5 3. Nf3 cxd4 4. Nxd4 Nc6 5. Nc3 d6 6. g3 g6 7. Bg2 Bd7 8. O-O
Bg7 9. Nb3 Be6 10. Nd4 Bd7 11. b3 O-O 12. Bb2 Qb6 13. Na4 Qa5 14. Nxc6 Bxc6 15.
Bxc6 bxc6 16. Qd4 Qh5 17. f3 Qh3 18. Qf2 Nh5 19. Bxg7 Nxg7 20. Rad1 f5 21. Nc3
f4 22. e3 fxg3 23. Qxg3 Qh6 24. f4 Nf5 25. Qf3 e5 26. Ne4 exf4 27. exf4 Nh4 28.
Qg4 Nf5 29. Nxd6 Qg7 30. Nxf5 Rxf5 31. Qf3 Qf6 32. Rd2 Rf8 33. Rdf2 Kh8 34. Qe3
c5 35. Rd1 Rxf4 36. Rxf4 Qxf4 37. Qxf4 Rxf4 38. Rd7 a6 39. Rd6 Kg7 40. Rxa6 Rd4
41. Rc6 Rd1+ 42. Kg2 Rd2+ 43. Kg3 Rxa2 44. Rxc5 Rb2 45. Rb5 Kh6 46. c5 g5 47.
b4 Kh5 48. c6 Rb3+ 49. Kf2 1-0

[Event "Euskadi ch"]
[Site "Amorebieta"]
[Date "2006.04.18"]
[Round "1.12"]
[White "GOIRIA MONTOYA, Anton"]
[Black "URIA RAMIREZ, Aitor"]
[Result "0-1"]
[WhiteElo "1932"]
[BlackElo "2015"]
[PlyCount "40"]
[EventDate "2006.04.18"]

1. c4 c6 2. Nf3 d5 3. cxd5 cxd5 4. d4 Nf6 5. Nc3 Nc6 6. g3 Bf5 7. Bg2 e6 8. O-O
h6 9. Qb3 a6 10. Bf4 b5 11. Rfc1 Na5 12. Qd1 Bd6 13. Ne5 O-O 14. a3 Rc8 15. b4
Nc4 16. f3 Bxe5 17. Bxe5 Nd7 18. Bf4 Qb6 19. e4 dxe4 20. Nxe4 e5 0-1

[Event "Euskadi ch"]
[Site "Amorebieta"]
[Date "2006.04.19"]
[Round "2.1"]
[White "LIMERES, Cristobal"]
[Black "GOMEZ ESTEBAN, Juan Mario"]
[Result "1/2-1/2"]
[WhiteElo "2238"]
[BlackElo "2491"]
[PlyCount "93"]
[EventDate "2006.04.18"]

1. d4 d5 2. c4 c6 3. cxd5 cxd5 4. Nc3 Nf6 5. Nf3 Nc6 6. Bf4 a6 7. e3 Bg4 8. Be2
Rc8 9. O-O e6 10. Rc1 Bd6 11. Bxd6 Qxd6 12. h3 Bxf3 13. Bxf3 O-O 14. Qd2 Rc7
15. Na4 Rfc8 16. Nc5 e5 17. Nb3 exd4 18. Nxd4 Ne4 19. Bxe4 dxe4 20. Rc3 Nxd4
21. Rxc7 Rxc7 22. exd4 g6 23. d5 h5 24. Rd1 Kh7 25. h4 b5 26. g3 b4 27. Qd4 f5
28. Qd2 a5 29. Kh2 Rf7 30. Re1 a4 31. Qd4 Rb7 32. Rd1 Kg8 33. Rd2 Kh7 34. Rd1
Kg8 35. Rd2 Kf7 36. a3 bxa3 37. bxa3 Re7 38. Rc2 f4 39. Qh8 fxg3+ 40. fxg3 Qf6
41. Qh7+ Qg7 42. Qxg7+ Kxg7 43. d6 Re8 44. d7 Rd8 45. Re2 Rxd7 46. Rxe4 Ra7 47.
Kg2 1/2-1/2

[Event "Euskadi ch"]
[Site "Amorebieta"]
[Date "2006.04.19"]
[Round "2.2"]
[White "ANDRES GONZALEZ, Alberto"]
[Black "DIEZ FRAILE, David"]
[Result "1-0"]
[WhiteElo "2413"]
[BlackElo "2170"]
[PlyCount "73"]
[EventDate "2006.04.18"]

1. Nf3 Nf6 2. c4 e6 3. g3 b6 4. Bg2 Bb7 5. O-O Be7 6. d4 O-O 7. d5 exd5 8. Nh4
c6 9. cxd5 Nxd5 10. Nf5 Na6 11. e4 Ndc7 12. Nc3 d5 13. exd5 cxd5 14. Qa4 Bf6
15. Qg4 Kh8 16. Rd1 Qd7 17. Ne4 Bc8 18. Nxf6 Qxf5 19. Qxf5 Bxf5 20. Nxd5 Nxd5
21. Bxd5 Rad8 22. Bf4 h6 23. Bc4 Rxd1+ 24. Rxd1 Nc5 25. b4 Ne6 26. Be3 Rc8 27.
Bb3 Rd8 28. Rxd8+ Nxd8 29. f3 Bd3 30. Bd5 Bb5 31. Kf2 Nc6 32. Bd2 Ne5 33. Bc3
Bc4 34. Bxc4 Nxc4 35. Ke2 Kg8 36. Kd3 Nd6 37. Bd4 1-0

[Event "Euskadi ch"]
[Site "Amorebieta"]
[Date "2006.04.19"]
[Round "2.3"]
[White "NAVARRO CIA, Miguel"]
[Black "OLAIZOLA ORTEGA, Luis"]
[Result "1/2-1/2"]
[WhiteElo "2307"]
[BlackElo "2216"]
[PlyCount "185"]
[EventDate "2006.04.18"]

1. e4 e6 2. d4 d5 3. Nc3 Bb4 4. e5 c5 5. dxc5 Ne7 6. Bd2 O-O 7. Qg4 Nbc6 8.
O-O-O Ng6 9. Nf3 Bxc5 10. Bd3 Ncxe5 11. Nxe5 Nxe5 12. Bxh7+ Kxh7 13. Qh5+ Kg8
14. Qxe5 Be7 15. Bf4 Qe8 16. Qe2 Bd7 17. Rhe1 Bb4 18. Qd3 Bxc3 19. Qxc3 Qc8 20.
Qd3 Qc5 21. Kb1 Rac8 22. Be3 Qc7 23. Bd4 f6 24. f4 Qc4 25. Qxc4 Rxc4 26. b3 Rc6
27. Re3 a6 28. a4 b5 29. axb5 axb5 30. Rc3 Rxc3 31. Bxc3 Rc8 32. Kb2 Be8 33. f5
exf5 34. Rxd5 f4 35. Rd4 Bc6 36. Rxf4 Re8 37. Rf2 Be4 38. g3 Kf7 39. Bd4 f5 40.
Ka3 g5 41. Kb4 Rb8 42. c3 g4 43. Ra2 Bd3 44. Ra7+ Ke6 45. Ra6+ Kd5 46. Ra1 Re8
47. Rd1 Be2 48. Rd2 Re4 49. Ra2 Bd3 50. Rd2 Be2 51. Ka5 Kc6 52. Bf6 Bf1 53. Rf2
Bd3 54. Rxf5 Re2 55. Rg5 Rxh2 56. Rxg4 Ra2+ 57. Kb4 Bc2 58. c4 bxc4 59. Rxc4+
Kb6 60. g4 Bb1 61. Rc1 Bg6 62. Bd4+ Kb7 63. g5 Rg2 64. Bf6 Kb6 65. Bd8+ Kb7 66.
Kc5 Rd2 67. Bf6 Bf7 68. Rc3 Rd5+ 69. Kb4 Kb6 70. Rg3 Rb5+ 71. Ka3 Bg6 72. b4
Rd5 73. Re3 Bf7 74. Rh3 Rd2 75. Bb2 Rg2 76. Rf3 Bd5 77. Rd3 Rxg5 78. Bd4+ Kb5
79. Bc5 Rf5 80. Kb2 Kc4 81. Rd4+ Kb5 82. Kc3 Rf3+ 83. Kd2 Bc4 84. Rd6 Ka4 85.
Rd8 Kb3 86. Rb8 Rd3+ 87. Ke1 Ka4 88. Kf2 Bb5 89. Rb7 Bc4 90. Ra7+ Kb3 91. Ra5
Rd2+ 92. Ke3 Ra2 93. Rxa2 1/2-1/2

[Event "Euskadi ch"]
[Site "Amorebieta"]
[Date "2006.04.19"]
[Round "2.4"]
[White "URIA RAMIREZ, Aitor"]
[Black "GONZALEZ DE LA TORRE, Sant"]
[Result "0-1"]
[WhiteElo "2015"]
[BlackElo "2318"]
[PlyCount "52"]
[EventDate "2006.04.18"]

1. d4 d5 2. Nf3 Nf6 3. Bf4 c5 4. e3 Qb6 5. Nc3 a6 6. Na4 Qa5+ 7. c3 c4 8. Be2
e6 9. O-O Bd7 10. Nc5 Bxc5 11. dxc5 Qxc5 12. Be5 Nc6 13. Qc2 Nxe5 14. Nxe5 Bc6
15. Rad1 O-O 16. Rd4 b5 17. f4 Bb7 18. Rf3 Qc7 19. Rg3 Ne4 20. Rh3 f6 21. Nf3
g6 22. Rd1 Qb6 23. Nd2 Nd6 24. Re1 e5 25. fxe5 fxe5 26. Kh1 d4 0-1

[Event "Euskadi ch"]
[Site "Amorebieta"]
[Date "2006.04.19"]
[Round "2.5"]
[White "VARAS, Carlos"]
[Black "AGIRRETXE SAN SEBASTIAN, Jesus"]
[Result "1-0"]
[WhiteElo "2291"]
[BlackElo "2168"]
[PlyCount "85"]
[EventDate "2006.04.18"]

1. e4 c5 2. Nf3 Nc6 3. d4 cxd4 4. Nxd4 g6 5. Nc3 Bg7 6. Be3 Nf6 7. Be2 O-O 8.
Nb3 d6 9. O-O Be6 10. f4 Na5 11. f5 Bc4 12. Nxa5 Bxe2 13. Qxe2 Qxa5 14. Bd4 e5
15. Be3 d5 16. Nxd5 Nxd5 17. exd5 Rfd8 18. f6 Bf8 19. c4 b5 20. b3 Rac8 21.
Rac1 bxc4 22. bxc4 Qa6 23. Rc2 Rd6 24. Qg4 Rxd5 25. Rfc1 Rd3 26. Bf2 Rdd8 27.
c5 Qxf6 28. Bh4 g5 29. c6 h6 30. c7 Re8 31. Bf2 Qg6 32. Bxa7 f5 33. Qa4 f4 34.
Rc6 Qd3 35. Qb3+ Qxb3 36. axb3 e4 37. Kf2 Kf7 38. Bc5 Bg7 39. b4 Be5 40. Bb6 g4
41. b5 Ke7 42. Bc5+ Kd7 43. Rd1+ 1-0

[Event "Euskadi ch"]
[Site "Amorebieta"]
[Date "2006.04.19"]
[Round "2.6"]
[White "PEREZ DE MIGUEL, Alvaro"]
[Black "ARGANDOÑA RIVEIRO, Iñigo"]
[Result "1/2-1/2"]
[WhiteElo "2070"]
[BlackElo "2352"]
[PlyCount "54"]
[EventDate "2006.04.18"]

1. d4 d5 2. c4 dxc4 3. e4 e5 4. Nf3 exd4 5. Bxc4 Nc6 6. O-O Be6 7. Bxe6 fxe6 8.
Qb3 Qd7 9. Ng5 Nf6 10. Qxe6+ Qxe6 11. Nxe6 Kd7 12. Nxf8+ Rhxf8 13. f3 Rad8 14.
Rd1 Kc8 15. Na3 h6 16. Bd2 Nd7 17. Nc4 Nde5 18. Nxe5 Nxe5 19. b3 g5 20. Rac1 b6
21. Be1 c5 22. b4 c4 23. Bg3 Rf4 24. Bxf4 gxf4 25. g3 Rf8 26. Rxd4 Nxf3+ 27.
Kg2 Nxd4 1/2-1/2

[Event "Euskadi ch"]
[Site "Amorebieta"]
[Date "2006.04.19"]
[Round "2.7"]
[White "GALARZA DOCAMPO, Karmel"]
[Black "HUERGA LEACHE, Mikel"]
[Result "0-1"]
[WhiteElo "2149"]
[BlackElo "2244"]
[PlyCount "34"]
[EventDate "2006.04.18"]

1. d4 Nf6 2. c4 e5 3. dxe5 Ng4 4. Bf4 Nc6 5. Nf3 Bb4+ 6. Nc3 Bxc3+ 7. bxc3 Qe7
8. Qd5 f6 9. exf6 Nxf6 10. Qd3 d6 11. e3 Ne4 12. Be2 g5 13. Bg3 Bd7 14. Nd2 Bf5
15. Bh5+ Kd8 16. Qd5 Rf8 17. Rc1 Nc5 0-1

[Event "Euskadi ch"]
[Site "Amorebieta"]
[Date "2006.04.19"]
[Round "2.8"]
[White "SALINERO DE PRADO, Juan M"]
[Black "ASTASIO LOPEZ, David"]
[Result "1/2-1/2"]
[WhiteElo "2128"]
[BlackElo "2074"]
[PlyCount "79"]
[EventDate "2006.04.18"]

1. f4 d5 2. Nf3 c5 3. g3 Nc6 4. Bg2 Nf6 5. O-O g6 6. Nc3 Bg7 7. Ne5 Nxe5 8.
fxe5 Ne4 9. Nxe4 dxe4 10. c3 O-O 11. Bxe4 Bxe5 12. d3 Bg7 13. Be3 Bh3 14. Rf2
Qc7 15. Qd2 Rfd8 16. Bh6 Bf6 17. Bf4 Qb6 18. b3 Rd7 19. Rc1 Rad8 20. Bg5 Be5
21. Qe3 Qe6 22. Qxc5 Rc7 23. Qb4 Bxc3 24. Rxc3 Rxc3 25. Qxc3 Qxe4 26. Bh6 f6
27. Bd2 Qd5 28. Qc4 Kf7 29. Rf4 Be6 30. Qxd5 Rxd5 31. Rf1 Bh3 32. Rf4 g5 33.
Rc4 Rf5 34. Rc1 Ke6 35. Be3 Ra5 36. Rc2 Kd7 37. Bd4 Rf5 38. Bf2 a6 39. Rc5 Rxc5
40. Bxc5 1/2-1/2

[Event "Euskadi ch"]
[Site "Amorebieta"]
[Date "2006.04.19"]
[Round "2.9"]
[White "ARGAYA URDANIZ, Miguel"]
[Black "PRIETO ARANGUREN, Alain"]
[Result "1-0"]
[WhiteElo "2073"]
[BlackElo "2106"]
[PlyCount "133"]
[EventDate "2006.04.18"]

1. e4 c6 2. d4 d5 3. Nc3 dxe4 4. Nxe4 Bf5 5. Ng3 Bg6 6. Nf3 Nd7 7. Nh4 e6 8.
Nxg6 hxg6 9. h3 Qc7 10. Qf3 Ngf6 11. Bf4 Bd6 12. Bxd6 Qxd6 13. O-O-O Rh4 14. c3
Qd5 15. Qxd5 cxd5 16. Be2 Rc8 17. Rhe1 a6 18. Bf3 b5 19. a3 Nb6 20. Nf1 Kd7 21.
Ne3 Rc7 22. Kc2 Rh8 23. Kb3 Nc4 24. Ng4 Nxg4 25. Bxg4 Rb8 26. Be2 a5 27. Rc1
Nd2+ 28. Kc2 Ne4 29. Bf3 Nd6 30. Kb3 Rcb7 31. Be2 Ne4 32. Rc2 Nd6 33. Bd3 Nc8
34. Rcc1 Ne7 35. Rcd1 Nc6 36. Be2 b4 37. cxb4 axb4 38. a4 Na5+ 39. Ka2 b3+ 40.
Ka3 Nc4+ 41. Bxc4 dxc4 42. d5 e5 43. Re4 c3 44. bxc3 b2 45. Rb1 Rb3+ 46. Ka2
Kd6 47. Re2 Rxc3 48. Rbxb2 Ra8 49. Rb4 Kxd5 50. Kb2 Rc7 51. Rc2 Rca7 52. Kb3 f6
53. Rb5+ Kd4 54. Rd2+ Ke4 55. Re2+ Kd4 56. f3 f5 57. Rexe5 Rd8 58. Re1 Rad7 59.
Ra1 Rc8 60. a5 Rc3+ 61. Ka2 Rdc7 62. Rd1+ Ke3 63. Kb1 Kf2 64. Rd2+ Ke3 65. Ra2
Kd4 66. Rb4+ Kd3 67. Ka1 {Hasta 90 movimientos H} 1-0

[Event "Euskadi ch"]
[Site "Amorebieta"]
[Date "2006.04.19"]
[Round "2.10"]
[White "AXPE BALENCIAGA, Iñigo"]
[Black "BRATU, Jorge"]
[Result "1-0"]
[WhiteElo "2038"]
[BlackElo "2023"]
[PlyCount "75"]
[EventDate "2006.04.18"]

1. d4 d5 2. c4 c6 3. Nc3 Nf6 4. cxd5 cxd5 5. Nf3 Nc6 6. Bg5 Ne4 7. e3 Qa5 8.
Qb3 e6 9. Bd3 Bd6 10. O-O Nxg5 11. Nxg5 h6 12. Nf3 O-O 13. Rac1 Qd8 14. Bb1 a6
15. e4 dxe4 16. Nxe4 Bf4 17. Rcd1 Qd5 18. Qd3 f5 19. Nc3 Qa5 20. d5 Nb4 21. Qc4
Bd6 22. dxe6 Be7 23. Nd4 b5 24. Qe2 g6 25. a3 Bf6 26. axb4 Qxb4 27. Nd5 Qc5 28.
Nxf6+ Rxf6 29. e7 Bd7 30. Nxf5 gxf5 31. Rxd7 Re8 32. Rd8 Qc6 33. Rxe8+ Qxe8 34.
Rd1 Kf7 35. Ba2+ Kg7 36. Rd8 Qc6 37. e8=Q Qc1+ 38. Qf1 1-0

[Event "Euskadi ch"]
[Site "Amorebieta"]
[Date "2006.04.19"]
[Round "2.11"]
[White "ARCE BALLUERCA, Jorge"]
[Black "HERNANDEZ PEREZ, Jesus"]
[Result "1/2-1/2"]
[WhiteElo "2105"]
[BlackElo "2036"]
[PlyCount "138"]
[EventDate "2006.04.18"]

1. e4 c5 2. Nc3 Nc6 3. f4 g6 4. Nf3 Bg7 5. g3 e6 6. Bg2 Nge7 7. O-O O-O 8. d3
d6 9. Be3 Nd4 10. Rb1 Nec6 11. Ne2 Nxe2+ 12. Qxe2 Nd4 13. Qd2 Nxf3+ 14. Rxf3
Qc7 15. Rf2 Bd7 16. Rbf1 f5 17. c3 Rad8 18. Re1 b6 19. exf5 gxf5 20. d4 d5 21.
Qd3 c4 22. Qd1 Bf6 23. Bf3 Be8 24. Rg2 Kh8 25. g4 Bf7 26. g5 Be7 27. h4 Bd6 28.
Qd2 Rg8 29. Kh1 Kg7 30. Reg1 Kf8 31. h5 Be8 32. Rf1 Rd7 33. Bd1 Rdg7 34. Bg1 b5
35. Bh2 Qb8 36. Bf3 b4 37. Re1 Bd7 38. Rge2 Re7 39. Rg1 Reg7 40. Qe3 Bc8 41.
Bxd5 Re7 42. Bf3 Bb7 43. Rf1 Kf7 44. Bxb7 Qxb7+ 45. Qf3 bxc3 46. bxc3 Qd5 47.
Qxd5 exd5 48. Rxe7+ Kxe7 49. Rb1 Rb8 50. Rxb8 Bxb8 51. Kg2 Bc7 52. Bg3 Ba5 53.
Be1 Kf7 54. Bd2 Bc7 55. Kf3 Bd6 56. Kg3 Bc7 57. Bc1 Ba5 58. Bb2 Kg7 59. Kf3 Kf7
60. Ke3 Bc7 61. Bc1 Bd6 62. Ke2 Be7 63. Kd1 Bd6 64. Kc2 Kg7 65. a4 a6 66. Kb2
Kf7 67. Ka2 Kg7 68. Kb1 Kf7 69. Kc2 Kg7 1/2-1/2

[Event "Euskadi ch"]
[Site "Amorebieta"]
[Date "2006.04.19"]
[Round "2.12"]
[White "GOIRIA MONTOYA, Anton"]
[Black "ARIAS GARCIA, Luis Javier"]
[Result "0-1"]
[WhiteElo "1932"]
[BlackElo "2196"]
[PlyCount "30"]
[EventDate "2006.04.18"]

1. e4 c5 2. Nf3 Nc6 3. d4 cxd4 4. Nxd4 g6 5. c3 Bg7 6. Nd2 Nf6 7. N2f3 O-O 8.
Be3 Nxe4 9. Bd3 Nxc3 10. bxc3 Qa5 11. O-O Qxc3 12. Rc1 Qa5 13. a4 d6 14. Qd2
Qxd2 15. Nxd2 Nxd4 0-1

[Event "Euskadi ch"]
[Site "Amorebieta"]
[Date "2006.04.19"]
[Round "3.1"]
[White "GONZALEZ DE LA TORRE, Sant"]
[Black "ANDRES GONZALEZ, Alberto"]
[Result "1/2-1/2"]
[WhiteElo "2318"]
[BlackElo "2413"]
[PlyCount "30"]
[EventDate "2006.04.18"]

1. e4 d5 2. exd5 Qxd5 3. Nf3 Nf6 4. d4 Bg4 5. Be2 e6 6. h3 Bh5 7. O-O c6 8. c4
Qd6 9. Nc3 Be7 10. Qb3 Qb4 11. Qxb4 Bxb4 12. Bd2 Nbd7 13. g4 Bg6 14. Nh4 O-O-O
15. Rfc1 e5 $11 1/2-1/2

[Event "Euskadi ch"]
[Site "Amorebieta"]
[Date "2006.04.19"]
[Round "3.2"]
[White "GOMEZ ESTEBAN, Juan Mario"]
[Black "VARAS, Carlos"]
[Result "1-0"]
[WhiteElo "2491"]
[BlackElo "2291"]
[PlyCount "85"]
[EventDate "2006.04.18"]

1. d4 e6 2. e4 b6 3. Bd3 Bb7 4. Qe2 c5 5. d5 exd5 6. exd5+ Qe7 7. c4 Qxe2+ 8.
Nxe2 Na6 9. Nbc3 Nc7 10. O-O Nf6 11. Ng3 O-O-O 12. Bg5 Nce8 13. Rfe1 h6 14. Bd2
g6 15. a3 Kb8 16. h3 Nc7 17. Rab1 Re8 18. Bf4 d6 19. b4 Nd7 20. Nge4 Ne5 21.
Bf1 cxb4 22. axb4 f5 23. Nd2 Bg7 24. Rec1 Nf7 25. Be3 g5 26. Nb3 f4 27. Bd2
Rhg8 28. b5 h5 29. Ne2 Be5 30. Nbd4 Nh6 31. Rb3 Ref8 32. Rf3 g4 33. hxg4 hxg4
34. Rxf4 Bxf4 35. Bxf4 Nf7 36. Nf5 Ne8 37. Ned4 Rg6 38. Re1 Ng7 39. Nxg7 Rxg7
40. Re7 Rfg8 41. Ne6 Rh7 42. Bd3 Ne5 43. Bxh7 1-0